| 000 | 00856nam a22002297a 4500 | ||
|---|---|---|---|
| 005 | 20240530110918.0 | ||
| 008 | 220518s1962 ua g 001 0 ara d | ||
| 040 |
_aEG-CaGPL _cEG-CaGPL |
||
| 082 | 0 | 4 |
_221 _a327.956/ _bح س |
| 100 | 0 | _aحسن فتح الباب | |
| 245 | 1 | 2 |
_aالسفارات الثقافية فى الدبلوماسية الاسلامية / _cحسن فتح الباب ؛ يشرف على اصدارها محمد توفيق عويضة |
| 260 |
_aالقاهرة : _bالمجلس الاعلى للشئون الالسلامية، _c1962. |
||
| 300 |
_a51 ص. ؛ _c16 سم. |
||
| 650 | 0 | 7 |
_2qrmak _aالصلاة |
| 650 | 0 | 7 |
_2qrmak _aالصوم |
| 650 | 0 | 7 |
_2qrmak _aالزكاة |
| 650 | 0 | 7 |
_2qrmak _aالحج |
| 650 | 0 | 7 |
_2qrmak _aالعمرة |
| 651 | _2qrmak | ||
| 700 | 0 |
_aمحمد توفيق عويضة _eمشرف |
|
| 942 |
_2ddc _cBK |
||
| 999 |
_c66432 _d66432 |
||